|
|
|
|
| LEADER |
00000naa2a2200000 4500 |
| 001 |
381554 |
| 005 |
20231101062836.0 |
| 035 |
|
|
|a (RuTPU)RU\TPU\prd\4311
|
| 090 |
|
|
|a 381554
|
| 100 |
|
|
|a 20020530a2002 k y0rusy50 ca
|
| 101 |
0 |
|
|a rus
|
| 102 |
|
|
|a RU
|
| 200 |
1 |
|
|a Новые информационные технологии и геоинформационные технологии
|f В. П. Кулагин, В. Я. Цветков
|
| 225 |
1 |
|
|a Информация
|
| 461 |
|
1 |
|0 (RuTPU)RU\TPU\prd\1520
|t Информационные технологии
|o теоретический и прикладной научно-технический журнал
|d 2000-
|
| 463 |
|
1 |
|0 (RuTPU)RU\TPU\prd\2911
|t № 2
|v С. 52-55
|d 2002
|
| 610 |
1 |
|
|a информационные технологии
|
| 610 |
1 |
|
|a геоинформационные технологии
|
| 700 |
|
1 |
|a Кулагин
|b В. П.
|
| 701 |
|
1 |
|a Цветков
|b В. Я.
|
| 801 |
|
1 |
|a RU
|b 63413507
|c 20020530
|g PSBO
|
| 801 |
|
2 |
|a RU
|b 63413507
|c 20130507
|g PSBO
|
| 942 |
|
|
|c BK
|